000 00619nam a22002177a 4500
999 _c2534
_d2534
003 OSt
005 20230710115339.0
008 230710b ||||| |||| 00| 0 eng d
020 _a9781444181395
040 _cKH8
082 _a650 SUR
100 _aSurridge, Malcolm,
_eauthor
245 _aCambridge International AS and A Level Business /
_cMalcolm Surridge
260 _aLondon,
_bHodder Education
_c2014
300 _axiii, 487 pages:
_bcolor illustrations;
_e1 CD-ROM
500 _aIncludes index
505 _aBusiness
546 _aText in English
700 _aGillespie, Andrew
_eauthor
942 _2ddc
_cTR